Biología : origen y evolución de los sistemas biológicos. función de relación en los seres vivos /

Guardado en:
Autor Principal: Carreras, Norma Haydée
Otros Autores: Caretti, Magdalena, Bekinschtein, Pedro
Formato: Libro
Publicado: Buenos Aires : Sm, 2014
Materias:
Etiquetas: Agregar Etiqueta
Sin Etiquetas, Sea el primero en etiquetar este registro!
LEADER 01869nam a22003735a 4500
001 CEM.cems014968
008 130507s2014##################000#0#####d
005 20250603093519.0
245 1 0 |a Biología :  |b origen y evolución de los sistemas biológicos. función de relación en los seres vivos /  |c Norma Haydée Carreras, Magdalena Caretti y Pedro Bekinschtein 
260 |a Buenos Aires :  |b Sm,  |c 2014 
300 |a 207 p. 
505 0 |a Origen de los seres vivos -- La evolución de los seres vivos -- La célula -- La división celular -- La reproducción de los seres vivos -- La reproducción humana -- Los mecanismos de la herencia -- Función de relación el los seres vivos -- Función de relación en los seres humanos 
020 |a 9789875732384 
100 1 |a Carreras, Norma Haydée 
700 1 |a Caretti, Magdalena 
700 1 |a Bekinschtein, Pedro 
082 0 4 |a Z574 
653 |a Biología 
653 |a Libro de texto 
653 |a Seres vios 
653 |a Célula 
653 |a Reproducción 
859 |a CEMS  |b BIB. CEMS - 11 de abril  |h 574  |i C233  |p 27660.18  |t Ej.1 
859 |a CEMS  |b BIB. CEMS - 11 de abril  |h 574  |i C233  |p 27661.18  |t Ej.2 
859 |a CEMS  |b BIB. CEMS - 11 de abril  |h 574  |i C233  |p 27662.18  |t Ej.3 
859 |a CEMS  |b BIB. CEMS - 11 de abril  |h 574  |i C233  |p 29889.25  |t Ej.4 
859 |a CEMS  |b BIB. CEMS - 11 de abril  |h 574  |i C233  |p 29890.25  |t Ej.5 
859 |a CEMS  |b BIB. CEMS - 11 de abril  |h 574  |i C233  |p 29891.25  |t Ej.6 
859 |a CEMS  |b BIB. CEMS - 11 de abril  |h 574  |i C233  |p 29892.25  |t Ej.7 
859 |a CEMS  |b BIB. CEMS - 11 de abril  |h 574  |i C233  |p 29893.25  |t Ej.8 
859 |a CEMS  |b BIB. CEMS - 11 de abril  |h 574  |i C233  |p 29894.25  |t Ej.9 
859 |a CEMS  |b BIB. CEMS - 11 de abril  |h 574  |i C233  |p 29895.25  |t Ej.10 
859 |a CEMS  |b BIB. CEMS - 11 de abril  |h 574  |i C233  |p 29896.25  |t Ej.11 
859 |a CEMS  |b BIB. CEMS - 11 de abril  |h 574  |i C233  |p 29897.25  |t Ej.12